000 00216nam a2200097Ia 4500
008 190216s9999||||xx |||||||||||||| ||und||
100 _aProf.Thomas S N
245 0 _aThapam
260 _bKerala Basha Inst
942 _cBK
999 _c38351
_d38351